| 000 | 004520000a22001810004500 | ||
|---|---|---|---|
| 003 | MACL | ||
| 005 | 20160109121509.0 | ||
| 008 | 160109b xxu||||| |||| 00| 0 eng d | ||
| 040 |
_aMACL _cMACL |
||
| 041 | _aEnglish | ||
| 082 | _a920/LAL | ||
| 100 |
_aPyarelal _914107 |
||
| 245 | _aMahatma Gandhi The Last Phase | ||
| 260 |
_bNavajivan Publishing House _c1958 _aAhmedabad |
||
| 350 | _a20 | ||
| 650 |
_aBiography _930230 |
||
| 942 |
_cBK _k920/LAL _2ddc |
||
| 999 |
_c35619 _d35619 |
||